[Event "FIDE World Cup 2023"]
[Site "Baku AZE"]
[Date "2023.08.05"]
[Round "3.1"]
[White "Cheparinov, Ivan"]
[Black "Duda, Jan-Krzysztof"]
[Result "1/2-1/2"]
[WhiteTitle "GM"]
[BlackTitle "GM"]
[WhiteElo "2663"]
[BlackElo "2732"]
[WhiteFideId "2905540"]
[BlackFideId "1170546"]
[EventDate "2023.07.30"]
[EventType "k.o."]

1. e4 c6 2. d4 d5 3. e5 Bf5 4. Nf3 e6 5. Be2 c5 6. Be3 Qb6 7. Nc3 Nc6 8. Na4
Qa5+ 9. c3 c4 10. b4 Qd8 11. O-O h6 12. Ne1 Nge7 13. g3 Bh7 14. Ng2 Nf5 15. Bf4
Bxb4 16. cxb4 Nfxd4 17. Nc3 Nxe2+ 18. Nxe2 Nxb4 19. Qa4+ Nc6 20. Nd4 Qd7 21.
Nxc6 Qxc6 22. Qxc6+ bxc6 23. Be3 Kd7 24. Rfc1 Rhb8 25. a4 Rb3 26. Bc5 Be4 27.
Ne3 a5 28. Kf1 h5 29. Ke1 f6 30. Nf1 Bd3 31. Nd2 Rb7 32. f4 fxe5 33. fxe5 g5 34.
Kf2 g4 35. Ke3 Rg8 36. Ra3 Rg5 37. Bd6 Bg6 38. Nxc4 dxc4 39. Rxc4 Rb2 40. Rd4
Rf5 41. Rf4 Rxh2 42. Rb3 c5 43. Rb7+ Kc6 44. Rc7+ Kb6 45. Rxc5 Rb2 46. Rxf5 Bxf5
47. Kf4 Rb4+ 48. Kg5 Rxa4 49. Kxh5 Ra3 50. Kh4 a4 51. Rc4 Ra1 52. Rc3 Rb1 53.
Rc4 Ka5 54. Rc3 Rb2 55. Rc4 Kb5 56. Rc3 Ra2 57. Kg5 Rg2 58. Kh4 Rh2+ 59. Kg5 Rb2
60. Kh4 Ra2 61. Kg5 Rf2 62. Rc5+ Kb6 63. Rc4 Rf3 64. Rxa4 Rxg3 65. Ra3 Rf3 66.
Kh4 Rf1 67. Rc3 Rh1+ 68. Kg5 Kb5 69. Kf4 Rh5 70. Be7 Rh2 71. Bd6 Rg2 72. Rc5+
Ka4 73. Rc3 Re2 74. Ra3+ Kb5 75. Rc3 Re4+ 76. Kg3 Bg6 77. Kh4 Bf5 78. Kg3 Rd4
79. Rc5+ Ka4 80. Rc3 Rd1 81. Ra3+ Kb5 82. Rc3 Rg1+ 83. Kh2 Re1 84. Kg3 Rh1 85.
Kf4 Rh4 86. Be7 Rh7 87. Bd6 Rg7 88. Rc5+ Kb6 89. Rc3 Rg6 90. Bc7+ Ka6 91. Bd6
Kb5 92. Be7 Rg7 93. Bd6 Kb6 94. Bc5+ Kb7 95. Bd6 Rh7 96. Bf8 Rh8 97. Bd6 Ra8 98.
Rc7+ Kb6 99. Rc3 Ra4+ 100. Kg3 Bg6 101. Kh4 Re4 102. Rg3 Bf5 103. Rc3 Kb5 104.
Kg3 Rd4 105. Rc5+ Kb6 1/2-1/2

[Event "FIDE World Cup 2023"]
[Site "Baku AZE"]
[Date "2023.08.05"]
[Round "3.1"]
[White "Le, Quang Liem"]
[Black "Ponomariov, Ruslan"]
[Result "1/2-1/2"]
[WhiteTitle "GM"]
[BlackTitle "GM"]
[WhiteElo "2728"]
[BlackElo "2664"]
[WhiteFideId "12401137"]
[BlackFideId "14103320"]
[EventDate "2023.07.30"]
[EventType "k.o."]

1. d4 Nf6 2. c4 e6 3. Nf3 d5 4. Nc3 Bb4 5. Bg5 h6 6. Bxf6 Qxf6 7. e3 c5 8. cxd5
exd5 9. Be2 O-O 10. O-O Bxc3 11. bxc3 Be6 12. Qb3 Qe7 13. Ne5 c4 14. Qb5 Nc6 15.
f4 Rad8 16. Bf3 Qa3 17. Rfc1 Rd6 18. Qc5 Qxc5 19. dxc5 Rdd8 20. Rab1 Nxe5 21.
fxe5 Rd7 22. Rd1 Rc8 23. e4 Rxc5 24. exd5 Bxd5 25. Bxd5 Rcxd5 26. Rxd5 Rxd5 27.
Rxb7 Rxe5 28. Rxa7 Re3 29. Rc7 Rxc3 30. a4 Rc2 31. a5 Ra2 32. Rxc4 Rxa5 33. h4
g6 34. Kf2 Kg7 35. Rc6 Re5 36. g3 Re6 37. Rc7 Kf6 38. Kf3 Rd6 39. Rc3 Rd4 40.
Ra3 Ke5 41. Re3+ Kf5 42. Ra3 h5 43. Ra5+ Ke6 44. Ra6+ Ke5 45. Ra5+ Rd5 46. Ra3
f6 47. Re3+ Kf5 48. Ra3 g5 49. hxg5 fxg5 50. g4+ hxg4+ 51. Kg3 Rd4 52. Ra5+ Kg6
53. Ra8 Rb4 1/2-1/2

[Event "FIDE World Cup 2023"]
[Site "Baku AZE"]
[Date "2023.08.05"]
[Round "3.1"]
[White "Sanal, Vahap"]
[Black "Korobov, Anton"]
[Result "1/2-1/2"]
[WhiteTitle "GM"]
[BlackTitle "GM"]
[WhiteElo "2585"]
[BlackElo "2667"]
[WhiteFideId "6300545"]
[BlackFideId "14105730"]
[EventDate "2023.07.30"]
[EventType "k.o."]

1. e4 e6 2. d4 d5 3. exd5 exd5 4. Nf3 Nf6 5. Bd3 Bd6 6. O-O O-O 7. Re1 Bg4 8.
Bg5 Nbd7 9. Nbd2 c6 10. c3 Qc7 11. Qc2 Rae8 12. Bh4 Bh5 13. Bg3 Bxg3 14. hxg3
Bg6 15. Bxg6 hxg6 16. a4 Qd8 17. Qb3 Qc7 18. Qc2 Qd8 19. Qb3 Qc7 20. Qc2 1/2-1/2

[Event "FIDE World Cup 2023"]
[Site "Baku AZE"]
[Date "2023.08.05"]
[Round "3.1"]
[White "Berkes, Ferenc"]
[Black "Vitiugov, Nikita"]
[Result "1/2-1/2"]
[WhiteTitle "GM"]
[BlackTitle "GM"]
[WhiteElo "2615"]
[BlackElo "2720"]
[WhiteFideId "718572"]
[BlackFideId "4152956"]
[EventDate "2023.07.30"]
[EventType "k.o."]

1. d4 d5 2. c4 c6 3. Nf3 Nf6 4. Nc3 e6 5. e3 Nbd7 6. Bd3 dxc4 7. Bxc4 b5 8. Bd3
b4 9. Ne4 Nxe4 10. Bxe4 Bb7 11. Nd2 Be7 12. O-O O-O 13. b3 Nf6 14. Bf3 Rc8 15.
a3 a5 16. axb4 axb4 17. Bb2 Qc7 18. Ne4 Nxe4 19. Bxe4 Qb6 20. Qe2 Ra8 21. Rfc1
Rxa1 22. Rxa1 Rc8 23. h4 h6 24. h5 c5 25. dxc5 Bxc5 26. Rc1 Bf8 27. Rxc8 Bxc8
28. Qc2 Ba6 29. Bh7+ Kh8 30. Bd3 Bb7 31. Be4 Ba6 32. Bd3 Bb7 33. Be4 Ba6 34. Bd3 1/2-1/2

[Event "FIDE World Cup 2023"]
[Site "Baku AZE"]
[Date "2023.08.05"]
[Round "3.1"]
[White "Maghsoodloo, Parham"]
[Black "Donchenko, Alexander"]
[Result "1-0"]
[WhiteTitle "GM"]
[BlackTitle "GM"]
[WhiteElo "2719"]
[BlackElo "2668"]
[WhiteFideId "12539929"]
[BlackFideId "24603295"]
[EventDate "2023.07.30"]
[EventType "k.o."]

1. d4 Nf6 2. c4 e6 3. Nf3 d5 4. g3 Bb4+ 5. Bd2 Be7 6. Bg2 O-O 7. O-O Nbd7 8. b4
c6 9. Qb3 b6 10. a4 a5 11. bxa5 bxa5 12. c5 Ba6 13. Re1 e5 14. dxe5 Ne4 15. Be3
Bxc5 16. Bxc5 Ndxc5 17. Qe3 Ne6 18. Nbd2 Nxd2 19. Qxd2 Rb8 20. Rab1 Qc7 21. h4
Bc4 22. Bh3 c5 23. Qc2 h6 24. e3 Rb4 25. g4 Qe7 26. Kh2 f6 27. Kg3 fxe5 28. Nxe5
Qf6 29. Qf5 Qe7 30. Qc2 Qf6 31. Qf5 Qe7 32. Ng6 Qc7+ 33. Qe5 Qf7 34. Nxf8 Nxf8
35. Qd6 Bd3 36. Rxb4 cxb4 37. Bg2 Be4 38. f3 Bd3 39. f4 1-0

[Event "FIDE World Cup 2023"]
[Site "Baku AZE"]
[Date "2023.08.05"]
[Round "3.1"]
[White "Bluebaum, Matthias"]
[Black "Vidit, Santosh Gujrathi"]
[Result "1/2-1/2"]
[WhiteTitle "GM"]
[BlackTitle "GM"]
[WhiteElo "2672"]
[BlackElo "2719"]
[WhiteFideId "24651516"]
[BlackFideId "5029465"]
[EventDate "2023.07.30"]
[EventType "k.o."]

1. d4 d5 2. Nf3 Nf6 3. Bf4 e6 4. e3 Bd6 5. Bd3 O-O 6. O-O b6 7. Qe2 Ne4 8. Bxd6
Nxd6 9. Nbd2 Bb7 10. e4 dxe4 11. Nxe4 Nd7 12. c4 Qe7 13. Rad1 Rad8 14. Rfe1 Rfe8
15. Qc2 h6 16. h3 Qf8 17. a3 c5 18. Nxd6 Qxd6 19. Bh7+ Kf8 20. Be4 Bxe4 21. Qxe4
Nf6 22. Qe3 cxd4 23. Rxd4 Qc7 24. Red1 Rxd4 25. Qxd4 e5 26. Qc3 a5 27. b4 axb4
28. axb4 e4 29. Ne1 Nh5 30. Qd4 Nf4 31. Rd2 Ne6 32. Qe3 Qxc4 33. Qxb6 Qc3 34.
Re2 f5 35. Nc2 Qd3 36. Qe3 Rd8 37. Ne1 Qd1 38. Rc2 Qb1 39. Rc1 Qxb4 40. g3 Kg8
41. h4 Qb2 42. Qc3 Qxc3 43. Rxc3 Rd1 44. Re3 Nc5 45. Kg2 Kf7 46. Rc3 Ne6 47. Re3
Rd2 48. Kf1 Nd4 49. g4 fxg4 50. Rxe4 h5 51. Re5 Rd1 52. Rd5 Ke6 53. Rd8 Ke5 54.
Re8+ Kd5 55. Kg2 Rd2 56. Rh8 g6 57. Rg8 Ke5 58. Rxg6 Rd1 59. Rg5+ Ke4 60. Rg8
Nf5 61. Re8+ Kf4 62. Kh2 Rd5 63. Kg1 g3 64. fxg3+ Kxg3 65. Rg8+ Kh3 66. Nf3 Ra5
67. Rg5 Ra1+ 68. Kf2 Ra2+ 69. Ke1 Ng3 70. Re5 Kg2 71. Nd4 Ra1+ 72. Kd2 Rf1 73.
Ne2 Rf2 74. Kd3 Rf3+ 75. Re3 Nxe2 76. Kxe2 Rf2+ 77. Kd3 Rf4 78. Re4 Kg3 79. Rxf4
Kxf4 80. Ke2 Kg3 81. Kf1 Kxh4 1/2-1/2

[Event "FIDE World Cup 2023"]
[Site "Baku AZE"]
[Date "2023.08.05"]
[Round "3.1"]
[White "Wojtaszek, Radoslaw"]
[Black "Schitco, Ivan"]
[Result "0-1"]
[WhiteTitle "GM"]
[BlackTitle "GM"]
[WhiteElo "2676"]
[BlackElo "2507"]
[WhiteFideId "1118358"]
[BlackFideId "13905465"]
[EventDate "2023.07.30"]
[EventType "k.o."]

1. d4 d5 2. c4 e6 3. Nc3 Nf6 4. Nf3 Be7 5. Bf4 O-O 6. e3 c5 7. dxc5 Bxc5 8. cxd5
Nxd5 9. Nxd5 exd5 10. a3 Nc6 11. Bd3 Bb6 12. O-O Bg4 13. h3 Bh5 14. Be2 Bxf3 15.
Bxf3 d4 16. exd4 Bxd4 17. Qb3 Qf6 18. Bg3 Na5 19. Qa4 Bxb2 20. Rab1 Nc6 21. Qb3
Be5 22. Qxb7 Nd4 23. Bxe5 Nxf3+ 24. Qxf3 Qxe5 25. Rfe1 Qf6 26. Qxf6 gxf6 27. Rb7
Rfb8 28. Ree7 Rxb7 29. Rxb7 Kg7 30. a4 h5 31. a5 a6 32. Rb6 Kg6 33. Kf1 h4 34.
Ke2 Kf5 35. Kf3 Ke5 36. Rc6 Kf5 37. Rc5+ Ke6 38. Rc4 Rb8 39. Rc6+ Kf5 40. Rxa6
Rb3+ 41. Ke2 Ra3 42. Ra7 Ra2+ 43. Ke3 Ra3+ 44. Kd4 Ra2 45. Ke3 Ra3+ 46. Kd4 Ra2
47. a6 Rxf2 48. Rb7 Rxg2 49. Rb5+ Kf4 50. Ra5 Rg8 51. Ra3 f5 52. Kd5 Rd8+ 53.
Kc6 Ke5 54. Ra5+ Kf4 55. Ra3 Ke5 56. a7 f4 57. a8=Q Rxa8 58. Rxa8 f3 59. Ra1 Ke4
60. Kd6 f2 61. Ke7 Kf3 62. Kxf7 Kg2 63. Kg6 Kxh3 64. Kf5 Kg2 65. Kf4 h3 66. Ke3
f1=Q 0-1

[Event "FIDE World Cup 2023"]
[Site "Baku AZE"]
[Date "2023.08.05"]
[Round "3.1"]
[White "Howell, David W L"]
[Black "Wang, Hao"]
[Result "1/2-1/2"]
[WhiteTitle "GM"]
[BlackTitle "GM"]
[WhiteElo "2677"]
[BlackElo "2709"]
[WhiteFideId "410608"]
[BlackFideId "8602883"]
[EventDate "2023.07.30"]
[EventType "k.o."]

1. c4 e5 2. Nc3 Nf6 3. Nf3 Nc6 4. e3 Bb4 5. Qc2 O-O 6. Nd5 Re8 7. Qf5 d6 8.
Nxf6+ gxf6 9. Qh5 d5 10. a3 Bf8 11. cxd5 Qxd5 12. d3 Be7 13. Bd2 Kh8 14. d4 Rg8
15. h3 Be6 16. dxe5 Nxe5 17. Nxe5 Qxe5 18. Qxe5 fxe5 19. Bc3 f6 20. g4 Bd5 21.
Rg1 Kg7 22. O-O-O c6 23. Bg2 Rgd8 24. Bxd5 cxd5 25. Rd3 e4 26. Rd2 Kf7 27. Bd4
Rac8+ 28. Rc2 a6 29. f3 exf3 30. Rf1 h5 1/2-1/2

[Event "FIDE World Cup 2023"]
[Site "Baku AZE"]
[Date "2023.08.05"]
[Round "3.1"]
[White "Vallejo Pons, Francisco"]
[Black "Esipenko, Andrey"]
[Result "1/2-1/2"]
[WhiteTitle "GM"]
[BlackTitle "GM"]
[WhiteElo "2706"]
[BlackElo "2683"]
[WhiteFideId "2205530"]
[BlackFideId "24175439"]
[EventDate "2023.07.30"]
[EventType "k.o."]

1. e4 e5 2. Nf3 Nc6 3. d4 exd4 4. Nxd4 Nf6 5. Nxc6 bxc6 6. Qe2 d5 7. exd5+ Be7
8. dxc6 O-O 9. Nc3 Bb4 10. Qd3 Ne4 11. Qxd8 Rxd8 12. Bd3 Nxc3 13. a3 Ba5 14. Bd2
Re8+ 15. Kf1 Rb8 16. Bxc3 Bxc3 17. bxc3 Re6 18. f3 Rxc6 19. Ke2 Rxc3 20. Rhb1
Ra8 21. Rb3 Rxb3 22. cxb3 a5 23. Rc1 Ra7 24. Rc5 Kf8 25. Bc4 Bd7 26. Kd3 Ke7 27.
Re5+ Kd6 28. Rh5 f6 29. Kd4 h6 30. Rd5+ Ke7 31. Kc5 Rb7 32. Kd4 Ra7 33. Kc5 Rb7
34. h4 1/2-1/2

[Event "FIDE World Cup 2023"]
[Site "Baku AZE"]
[Date "2023.08.05"]
[Round "3.1"]
[White "Grandelius, Nils"]
[Black "Amin, Bassem"]
[Result "1/2-1/2"]
[WhiteTitle "GM"]
[BlackTitle "GM"]
[WhiteElo "2684"]
[BlackElo "2694"]
[WhiteFideId "1710400"]
[BlackFideId "10601457"]
[EventDate "2023.07.30"]
[EventType "k.o."]

1. e4 e5 2. Nf3 Nc6 3. Bb5 Nf6 4. O-O Nxe4 5. Re1 Nd6 6. Nxe5 Be7 7. Bf1 Nxe5 8.
Rxe5 O-O 9. d4 Bf6 10. Re1 Re8 11. Bf4 Rxe1 12. Qxe1 Ne8 13. c3 d5 14. Nd2 g6
15. Nf3 c6 16. Bd3 Ng7 17. Bh6 Nf5 18. Bxf5 Bxf5 19. Qe3 Qe7 20. Qf4 Re8 21. g4
Be4 22. Re1 Bg7 23. Bxg7 Kxg7 24. Nd2 Qh4 25. Qg3 Qd8 26. Nf1 g5 27. Re3 h6 28.
a3 Bg6 29. Qf3 Rxe3 30. Qxe3 Qb6 31. Qe2 Qb3 32. Ng3 Qa2 1/2-1/2

[Event "FIDE World Cup 2023"]
[Site "Baku AZE"]
[Date "2023.08.05"]
[Round "3.1"]
[White "Shevchenko, Kirill"]
[Black "Sarana, Alexey"]
[Result "1/2-1/2"]
[WhiteTitle "GM"]
[BlackTitle "GM"]
[WhiteElo "2694"]
[BlackElo "2685"]
[WhiteFideId "14129574"]
[BlackFideId "24133795"]
[EventDate "2023.07.30"]
[EventType "k.o."]

1. e4 e5 2. Nf3 Nf6 3. d4 Nxe4 4. Bd3 d5 5. Nxe5 Bd6 6. O-O O-O 7. c4 Bxe5 8.
dxe5 Nc6 9. cxd5 Qxd5 10. Qc2 Bf5 11. Nc3 Nxc3 12. Bxf5 Nd4 13. Bxh7+ Kh8 14.
Qd3 Nce2+ 15. Kh1 Qxe5 16. Qh3 Nf4 17. Bxf4 Qxf4 18. Be4+ Qh6 19. Qc3 Nb5 20.
Qc5 c6 21. Rad1 Rfd8 22. a4 Nd6 23. Bb1 Qf6 24. Qh5+ Qh6 25. Qc5 Qf6 26. Qh5+
Qh6 27. Qg4 Ne8 28. Qb4 Nf6 29. h3 Qh5 30. Rde1 Rd7 31. Qf4 Rad8 32. Re5 Qh6 33.
Qf3 Qd2 34. b3 Rd5 35. Re7 R8d7 36. Re3 Qd4 37. Bf5 Rd8 38. Bd3 Re5 39. Rxe5
Qxe5 40. Bc4 Rd7 41. Rd1 Rxd1+ 42. Qxd1 Qe7 43. Qd4 a6 44. Qf4 Kg8 45. Qf5 Ne8
46. Kh2 Nd6 47. Qf4 g6 48. Bd3 Kg7 49. h4 Qe6 50. Qd4+ Kg8 1/2-1/2

[Event "FIDE World Cup 2023"]
[Site "Baku AZE"]
[Date "2023.08.05"]
[Round "3.1"]
[White "Svidler, Peter"]
[Black "Van Foreest, Jorden"]
[Result "1-0"]
[WhiteTitle "GM"]
[BlackTitle "GM"]
[WhiteElo "2688"]
[BlackElo "2693"]
[WhiteFideId "4102142"]
[BlackFideId "1039784"]
[EventDate "2023.07.30"]
[EventType "k.o."]

1. e4 c5 2. Nf3 d6 3. d4 cxd4 4. Nxd4 Nf6 5. Nc3 a6 6. Bg5 e6 7. Qe2 Be7 8. h4
h6 9. Bd2 Qb6 10. Nb3 h5 11. O-O-O Qc7 12. Rh3 Nbd7 13. Rg3 g6 14. Bg5 b5 15. a3
Bb7 16. Qe1 Rc8 17. Bd3 Nc5 18. Kb1 O-O 19. Nxc5 dxc5 20. e5 Nd5 21. Nxd5 Bxd5
22. Qe3 c4 23. Bxg6 fxg6 24. Bxe7 Qxe7 25. Rxg6+ Kh8 26. Rh6+ Kg7 27. Rxh5 1-0

[Event "FIDE World Cup 2023"]
[Site "Baku AZE"]
[Date "2023.08.05"]
[Round "3.1"]
[White "Deac, Bogdan-Daniel"]
[Black "Nihal, Sarin"]
[Result "1/2-1/2"]
[WhiteTitle "GM"]
[BlackTitle "GM"]
[WhiteElo "2693"]
[BlackElo "2688"]
[WhiteFideId "1226380"]
[BlackFideId "25092340"]
[EventDate "2023.07.30"]
[EventType "k.o."]

1. d4 Nf6 2. c4 e6 3. Nf3 d5 4. Nc3 c5 5. cxd5 cxd4 6. Qxd4 exd5 7. e4 dxe4 8.
Qxd8+ Kxd8 9. Ng5 Be6 10. Nxe6+ fxe6 11. Bg5 Nc6 12. Bc4 Ke7 13. Nxe4 Kf7 14.
Bxf6 gxf6 15. O-O-O Rd8 16. Rxd8 Nxd8 17. Rd1 Be7 18. Rd7 f5 19. Nd6+ Kf6 20.
Nxb7 Nxb7 21. Rxb7 Bc5 22. Rc7 Bxf2 23. Rc6 Re8 24. b4 h5 25. Kd2 h4 26. Ke2 Bg1
27. h3 Bh2 28. a4 Kg5 29. Rxe6 Rxe6+ 30. Bxe6 Kf6 31. Bc8 Bd6 32. b5 Bc7 33. Kd3
Ke5 34. Kc4 Bb6 35. Kb4 f4 36. a5 Bf2 37. Kc4 Kd6 38. Kd3 Kc7 39. Ke2 Bg3 40.
Bf5 Kb8 41. Be4 Kc7 42. Bf3 Kb8 43. Bd5 Kc7 44. Kf3 Kb8 45. Kg4 Kc7 46. Bf3 Kb8
47. Kg5 Kc7 48. Be4 Kb8 49. b6 axb6 50. axb6 Kc8 51. Bf3 Kb8 52. Kf5 Kc8 1/2-1/2

[Event "FIDE World Cup 2023"]
[Site "Baku AZE"]
[Date "2023.08.05"]
[Round "3.1"]
[White "Robson, Ray"]
[Black "Gadimbayli, Abdulla"]
[Result "1/2-1/2"]
[WhiteTitle "GM"]
[BlackTitle "GM"]
[WhiteElo "2689"]
[BlackElo "2483"]
[WhiteFideId "2023970"]
[BlackFideId "13404938"]
[EventDate "2023.07.30"]
[EventType "k.o."]

1. e4 c5 2. Nf3 e6 3. d4 cxd4 4. Nxd4 Nf6 5. Nc3 Nc6 6. Nxc6 bxc6 7. e5 Nd5 8.
Ne4 Bb7 9. c4 Nb4 10. a3 c5 11. Nd6+ Bxd6 12. exd6 Nc6 13. Be3 Qf6 14. Qd2 Rb8
15. Bxc5 Ba6 16. Bb4 Nd4 17. Qc3 O-O 18. O-O-O e5 19. Kb1 Rfc8 20. f3 Bb5 21.
Bd3 Ba4 22. Rc1 Nb3 23. Bc2 Nxc1 24. Bxa4 Ne2 25. Qd3 Nf4 26. Qe4 Qe6 27. Rc1 a5
28. Bxa5 f5 29. Qe3 Rxc4 30. Rxc4 Qxc4 31. Bxd7 Nd3 32. Be6+ Qxe6 33. Qxd3 e4
34. Qd4 Rb7 35. fxe4 fxe4 36. Bc7 e3 37. d7 Qf5+ 38. Ka2 Qf7+ 39. Ka1 Qf1+ 40.
Ka2 Qf7+ 41. Ka1 Qf1+ 42. Ka2 Qf7+ 1/2-1/2

[Event "FIDE World Cup 2023"]
[Site "Baku AZE"]
[Date "2023.08.06"]
[Round "3.2"]
[White "Tari, Aryan"]
[Black "Carlsen, Magnus"]
[Result "1/2-1/2"]
[WhiteTitle "GM"]
[BlackTitle "GM"]
[WhiteElo "2641"]
[BlackElo "2835"]
[WhiteFideId "1510045"]
[BlackFideId "1503014"]
[EventDate "2023.07.30"]
[EventType "k.o."]

1. e4 c6 2. d4 d5 3. e5 Bf5 4. g4 Be4 5. f3 Bg6 6. e6 Qd6 7. exf7+ Bxf7 8. Nc3
Nd7 9. f4 h5 10. g5 e6 11. Nf3 Ne7 12. Bd3 h4 13. O-O Bh5 14. Qe1 g6 15. Ne5 Bg7
16. Bd2 Nf5 17. Na4 Bxe5 18. fxe5 Qe7 19. Bxf5 gxf5 20. h3 Kf7 21. Kh2 b6 22. b4
Nf8 23. Nb2 c5 24. bxc5 bxc5 25. Nd3 c4 26. Nf4 Ng6 27. Nxg6 Kxg6 28. Qe3 Rhb8
29. Rab1 Rb6 30. Qc3 Qb7 31. Rxb6 Qxb6 32. Bc1 1/2-1/2

[Event "FIDE World Cup 2023"]
[Site "Baku AZE"]
[Date "2023.08.06"]
[Round "3.2"]
[White "Yilmaz, Mustafa"]
[Black "Caruana, Fabiano"]
[Result "1/2-1/2"]
[WhiteTitle "GM"]
[BlackTitle "GM"]
[WhiteElo "2639"]
[BlackElo "2782"]
[WhiteFideId "6302718"]
[BlackFideId "2020009"]
[EventDate "2023.07.30"]
[EventType "k.o."]

1. d4 Nf6 2. c4 e6 3. Nf3 b6 4. g3 Ba6 5. b3 Bb4+ 6. Bd2 Be7 7. Nc3 d5 8. cxd5
exd5 9. Bg2 O-O 10. O-O Nbd7 11. Ne5 Bb7 12. Rc1 Re8 13. Rc2 h6 14. Bf4 Nf8 15.
Bc1 Ne6 16. Bb2 c6 17. e3 Bd6 18. Ne2 Rc8 19. Nf4 Rc7 20. Qa1 Nxf4 21. gxf4 Qc8
22. Qd1 c5 23. dxc5 bxc5 24. Kh1 Bf8 25. Rg1 Rd8 26. Rd2 Qe6 27. f3 Rdc8 28. Bf1
d4 29. e4 Nh5 30. Bc4 Qd6 31. Rg6 Qd8 32. Qg1 Qh4 33. Rdg2 Qxf4 34. Re6 fxe6 35.
Bxe6+ Kh7 36. Bf5+ Kg8 37. Be6+ Kh7 38. Bf5+ Kg8 1/2-1/2

[Event "FIDE World Cup 2023"]
[Site "Baku AZE"]
[Date "2023.08.06"]
[Round "3.2"]
[White "Nepomniachtchi, Ian"]
[Black "Mamedov, Rauf"]
[Result "1/2-1/2"]
[WhiteTitle "GM"]
[BlackTitle "GM"]
[WhiteElo "2779"]
[BlackElo "2636"]
[WhiteFideId "4168119"]
[BlackFideId "13401653"]
[EventDate "2023.07.30"]
[EventType "k.o."]

1. e4 c5 2. Nf3 Nc6 3. Bb5 g6 4. O-O Bg7 5. Re1 e5 6. Bxc6 dxc6 7. d3 Qe7 8. a4
Nf6 9. a5 O-O 10. Be3 Bg4 11. h3 Bxf3 12. Qxf3 Nd7 13. Nd2 Rfd8 14. Qg3 b5 15.
Bg5 f6 16. Be3 Nf8 17. f4 exf4 18. Qxf4 Ne6 19. Qf2 Nd4 20. Nf3 Nxf3+ 21. Qxf3
Qe5 22. Rab1 Bf8 23. Kh1 a6 24. Bg1 Qe6 25. c3 Rd7 26. Rf1 Re8 27. b4 c4 28.
dxc4 Qxc4 29. Bd4 Rf7 30. Qg3 Rxe4 31. Rxf6 1/2-1/2

[Event "FIDE World Cup 2023"]
[Site "Baku AZE"]
[Date "2023.08.06"]
[Round "3.2"]
[White "Abasov, Nijat"]
[Black "Giri, Anish"]
[Result "1/2-1/2"]
[WhiteTitle "GM"]
[BlackTitle "GM"]
[WhiteElo "2632"]
[BlackElo "2775"]
[WhiteFideId "13402960"]
[BlackFideId "24116068"]
[EventDate "2023.07.30"]
[EventType "k.o."]

1. d4 Nf6 2. c4 e6 3. Nf3 d5 4. Nc3 Be7 5. Bg5 h6 6. Bh4 dxc4 7. e3 c5 8. Bxc4
cxd4 9. exd4 O-O 10. O-O Nc6 11. Re1 Nh5 12. Bxe7 Nxe7 13. d5 exd5 14. Nxd5 Nxd5
15. Bxd5 Nf4 16. Be4 Be6 17. Qd4 Qxd4 18. Nxd4 Bd5 19. g3 Rfe8 20. Bxd5 Nxd5 21.
Kf1 Kf8 22. Rxe8+ Rxe8 23. Rc1 Rd8 24. Nf3 h5 25. a3 f6 26. h4 Kf7 27. Ke2 Rd7
28. b4 g6 29. Rc2 a6 30. Rc1 Ne7 31. Rc5 Nf5 32. b5 b6 33. Rc6 axb5 34. Rxb6 Rd5
35. Ra6 Ke7 36. a4 bxa4 37. Rxa4 Kf7 1/2-1/2

[Event "FIDE World Cup 2023"]
[Site "Baku AZE"]
[Date "2023.08.06"]
[Round "3.2"]
[White "So, Wesley"]
[Black "Moussard, Jules"]
[Result "1/2-1/2"]
[WhiteTitle "GM"]
[BlackTitle "GM"]
[WhiteElo "2769"]
[BlackElo "2654"]
[WhiteFideId "5202213"]
[BlackFideId "642908"]
[EventDate "2023.07.30"]
[EventType "k.o."]

1. e4 e5 2. Nf3 Nf6 3. d4 Nxe4 4. Bd3 Nc6 5. Nxe5 Nxe5 6. Bxe4 d5 7. dxe5 dxe4
8. Qxd8+ Kxd8 9. Nc3 Bf5 10. Bg5+ Kc8 11. O-O-O Bc5 12. Bh4 Re8 13. Rhe1 Bb4 14.
Re3 Bc5 15. Ree1 Bb4 16. Re3 Bc5 17. Ree1 1/2-1/2

[Event "FIDE World Cup 2023"]
[Site "Baku AZE"]
[Date "2023.08.06"]
[Round "3.2"]
[White "Santos Latasa, Jaime"]
[Black "Radjabov, Teimour"]
[Result "1/2-1/2"]
[WhiteTitle "GM"]
[BlackTitle "GM"]
[WhiteElo "2656"]
[BlackElo "2747"]
[WhiteFideId "2293307"]
[BlackFideId "13400924"]
[EventDate "2023.07.30"]
[EventType "k.o."]

1. e4 e5 2. Nf3 Nf6 3. Nxe5 d6 4. Nf3 Nxe4 5. d4 d5 6. Bd3 Bf5 7. O-O Be7 8. Re1
O-O 9. Nbd2 Nd6 10. Nf1 Bxd3 11. Qxd3 c6 12. Bf4 Na6 13. Re2 Nc7 14. Rae1 Ne6
15. Bxd6 Bxd6 16. g3 Qf6 17. Ne5 Rfe8 18. c3 Bxe5 19. Rxe5 Nc7 20. Nd2 Rxe5 21.
Rxe5 Re8 22. Nf3 Rxe5 23. Nxe5 Qe6 24. Qf3 Ne8 25. Qg4 Qxg4 26. Nxg4 f6 27. f3
Kf7 28. Nf2 Nd6 29. Nd3 Ke7 30. Kf2 g5 1/2-1/2

[Event "FIDE World Cup 2023"]
[Site "Baku AZE"]
[Date "2023.08.06"]
[Round "3.2"]
[White "Gukesh, D"]
[Black "Narayanan, S.L."]
[Result "1-0"]
[WhiteTitle "GM"]
[BlackTitle "GM"]
[WhiteElo "2744"]
[BlackElo "2656"]
[WhiteFideId "46616543"]
[BlackFideId "5058422"]
[EventDate "2023.07.30"]
[EventType "k.o."]

1. e4 e5 2. Nf3 Nc6 3. Bb5 a6 4. Ba4 Nf6 5. O-O Nxe4 6. d4 b5 7. Bb3 d5 8. dxe5
Be6 9. Qe2 Be7 10. Rd1 O-O 11. c3 Nc5 12. Bc2 Bg4 13. h3 Bh5 14. Nbd2 Re8 15.
Nb3 Bf8 16. g4 Bg6 17. Nxc5 Bxc5 18. b4 Bb6 19. Bf4 Qd7 20. Bb3 Ne7 21. a4 c5
22. bxc5 Bxc5 23. Nd4 b4 24. cxb4 Bxb4 25. Rac1 Ba5 26. Nc6 Nxc6 27. Bxd5 Nb4
28. Bxa8 Qxa4 29. Ra1 Qb3 30. Be4 Bxe4 31. Qxe4 Qxh3 32. Be3 Bc7 33. Rac1 Bb8
34. Rc5 h5 35. Rdc1 Qxg4+ 36. Qxg4 hxg4 37. Rc8 1-0

[Event "FIDE World Cup 2023"]
[Site "Baku AZE"]
[Date "2023.08.06"]
[Round "3.2"]
[White "Svane, Rasmus"]
[Black "Tin, Jingyao"]
[Result "1/2-1/2"]
[WhiteTitle "GM"]
[BlackTitle "GM"]
[WhiteElo "2625"]
[BlackElo "2573"]
[WhiteFideId "4657101"]
[BlackFideId "5804418"]
[EventDate "2023.07.30"]
[EventType "k.o."]

1. e4 c5 2. Nf3 e6 3. c3 d5 4. exd5 Qxd5 5. d4 Nf6 6. Na3 Nc6 7. Be3 cxd4 8. Nb5
Qd7 9. Nbxd4 a6 10. Qa4 Nxd4 11. Qxd4 Be7 12. Bd3 O-O 13. Qxd7 Bxd7 14. Ne5 Be8
15. Rd1 Nd5 16. Be4 Nxe3 17. fxe3 f5 18. Bf3 Rc8 19. Nd7 Rf7 20. Ne5 Rf8 21. Nd7
Rf7 22. Ne5 Rf8 23. Nd7 1/2-1/2